Carregant...

Plant hormones: Action and appliations /

Dades bibliogràfiques
Autor principal: Ranjan,R
Format: Printed Book
Publicat: Jodhpr: Agrobios, 2003.
Matèries:
LEADER 00453cam a2200145ua 4500
082 |a 571.742  |b RAN/P 
100 0 |a Ranjan,R. 
245 1 0 |a Plant hormones: Action and appliations /  
260 |a Jodhpr:  |b Agrobios,  |c 2003. 
300 |a 245p.. 
650 |a Plant hormones 
650 0 |a Plant physiology 
942 |c BK 
999 |c 18276  |d 18276 
952 |0 0  |1 0  |4 0  |6 571_742000000000000_RAN  |7 0  |9 19081  |a KUCL  |b KUCL  |d 2014-05-23  |l 0  |o 571.742 RAN/  |p 14593  |r 2014-05-23  |w 2014-05-23  |y BK